L'Institut d'Estudis Catalans : els seus primers XXV anys els seus primers XXV anys
Descripción Física:
319 p. [39] p. de lam. : il. ; 25 cm
Materias:
Institut d'Estudis Catalans -- Història
MARC
| LEADER | 00000nam a2200000Ia 4500 | ||
|---|---|---|---|
| 001 | 965 | ||
| 008 | 160829s1935 xx 000 0 cat d | ||
| 080 | |a C-2-65 | ||
| 110 | 2 | |a Institut d'Estudis Catalans |9 52284 | |
| 245 | |a L'Institut d'Estudis Catalans : |b els seus primers XXV anys | ||
| 260 | |a Barcelona : |b Imp. de la Casa de Caritat, |c 1935 | ||
| 300 | |a 319 p. [39] p. de lam. : |b il. ; |c 25 cm | ||
| 590 | |a Abarca la història de l'Institut de 1907 a 1932 | ||
| 610 | 2 | 0 | |a Institut d'Estudis Catalans |x Història |9 54426 |
| 901 | |a Arxiu | ||
| 942 | |n 1 | ||
| 952 | |0 0 |1 0 |4 0 |6 C265 |7 1 |9 43059 |a Arxiu |b Arxiu |d 2016-12-01 |l 0 |o C-2-65 |p 965 |r 2016-12-01 00:00:00 |w 2016-12-01 |y ARXIU | ||
| 999 | |c 45603 |d 45603 | ||